000
00265nam a2200109Ia 4500
008
220204s9999 xx 000 0 und d
082
_a
82-7
_b
FEL
245
4
_a
The organization mad
260
_a
New York
_b
Warner
_c
1979
700
_a
Feldstein, Albert B
942
_c
BK
999
_c
37450
_d
37450